| 000 | 00000nam##2200000za#4500 |
| 001 | 9.681273 |
| 003 | CaOODSP |
| 005 | 20200330070418 |
| 007 | ta |
| 008 | 150407|2000||||xxc||||| f|0| 0 fre|d |
| 040 | |aCaOODSP|bfre |
| 043 | |an-cn--- |
| 086 | 1 |aE94-30/1-151F |
| 110 | 1 |aCanada.|bAgence canadienne de développement international. |
| 245 | 13|aLe VIH et le sida: le plan d'action de l'ACDI |
| 250 | |a2ème édition. |
| 260 | |aOttawa - Ontario : |bAgence canadienne de développement international |c2000. |
| 300 | |a24p. : |bill., tableaux ; |c28 cm. |
| 500 | |a«Cette deuxième édition Le VIH et le sida: le plan d'action de l'ACDI tient compte des conseils et des commentaires exprimés lors de la Conférence internationale sur le VIH/sida, intitulée La contribution du Canada à la lutte contre la pandémie à l'échelle mondiale, qui s'est tenue à Toronto, Canada, les 1er et 2 juin 2000.»--Page 1. |
| 520 | 3 |aCette deuxième édition Le VIH et le sida: le plan d'action de l'ACDI tient compte des conseils et des commentaires exprimés lors de la Conférence internationale sur le VIH/sida, intitulée La contribution du Canada à la lutte contre la pandémie à l'échelle mondiale, qui s'est tenue à Toronto, Canada, les 1er et 2 juin 2000.--Page 1 |
| 563 | |aCouverture souple |
| 590 | |a00-38|b2000-09-22 |
| 691 | 07|aSIDA|2gcpds |
| 691 | 07|aPays en développement|2gcpds |
| 775 | 08|tCIDA's HIV/AIDS action plan |w(CaOODSP)9.647892 |
| 776 | 0#|tLe VIH et le SIDA : |w(CaOODSP)9.639779 |